De natura deorum
Αποθηκεύτηκε σε:
| Κύριος συγγραφέας: | |
|---|---|
| Άλλοι συγγραφείς: | |
| Μορφή: | Βιβλίο |
| Γλώσσα: | Latin |
| Δημοσίευση: |
[Αθήνα] :
[Δημ. Ν. Παπαδήμας],
[199;]
|
| Θέματα: | |
| Ετικέτες: |
Προσθήκη ετικέτας
Δεν υπάρχουν, Καταχωρήστε ετικέτα πρώτοι!
|
MARC
| LEADER | 00000cam a2200000 i 4500 | ||
|---|---|---|---|
| 001 | 1/37937 | ||
| 008 | 061121q19901999gr | ||| ||| ||lat|| | ||
| 020 | |a 9602062762 | ||
| 035 | |l 10086221 | ||
| 040 | |a GR-MyUa |b gre |e AACR2 | ||
| 041 | 0 | |a lat | |
| 082 | 7 | |a 870.1 |2 (22) | |
| 100 | 1 | |a Cicero, Marcus Tullius. | |
| 245 | 1 | 3 | |a De natura deorum / |c M. Tulli Ciceronis ; recognovit O. Plasberg. |
| 260 | |a [Αθήνα] : |b [Δημ. Ν. Παπαδήμας], |c [199;] | ||
| 300 | |a xvi, 184 σ. ; |c 17 εκ. | ||
| 500 | |a "Scripta quae manserunt omnia". | ||
| 504 | |a Περιλαμβάνει βιβλιογραφικές αναφορές και ευρετήριο. | ||
| 600 | 1 | 0 | |a Cicero, Marcus Tullius. |
| 650 | 0 | |a Theology |x Early works to 1800. | |
| 650 | 0 | |a Gods, Greek |v Early works to 1800. | |
| 650 | 0 | |a Gods, Roman |v Early works to 1800. | |
| 700 | 1 | |a Plasberg, Otto, |d 1869-1924, |e edt | |
| 852 | |a INST |b RHODES |c KRI |e 20061121 |h 870.1 CIC |p 005400023916 |q 005400023916 |t BK |y 0 | ||
| 901 | |a BIBL4-2006-3 | ||
| 970 | |a ΚΟΖΑ |b ΜΑΡΙΑ |z 2006/11/21 | ||